000 00809nam a22002057a 4500
003 OSt
005 20251125185029.0
008 240817b ||||| |||| 00| 0 eng d
040 _c0
082 _aDPer 510.5 Am351 February - April 2019 v. 141 n. 1-2
100 _aOi, Masao.
_eauthor.
_961696
245 _aEndoscopic lifting of simple supercuspidal representations of SO₂n+₁ to GL₂ n /
_cMasao Oi.
260 _aBaltimore, Maryland U.S. :
_b Johns Hopkins University Press ,
_cFebruary 2019.
300 _aVolume 141, pages 169-218 :
_billustration ;
_c26 cm.
500 _aAmerican Journal of Mathematics, vol. 141, no. 1, pages 169-218, February 2019.
650 0 _aMathematics.
_91041
650 0 _aMathematical analysis
_915001
700 _aOi, Masao.
_eauthor.
_961697
942 _2ddc
_cPER
999 _c20588
_d20588